[Event "Chioggia op-A 14th"]
[Site "Chioggia"]
[Date "2019.10.05"]
[Round "3"]
[White "Kacani, Kirk"]
[Black "Bordignon, Angelo"]
[Result "1/2-1/2"]
[WhiteElo "2138"]
[BlackElo "1958"]
[PlyCount "66"]
[EventDate "2019.10.04"]
[EventType "swiss"]
[EventRounds "5"]
[EventCountry "ITA"]
[SourceTitle "EXT 2022"]
[Source "ChessBase"]
[SourceDate "2021.10.06"]
[SourceVersion "1"]
[SourceVersionDate "2021.10.06"]
[SourceQuality "1"]

1. Nf3 d6 2. c4 e5 3. Nc3 f5 4. d3 Nf6 5. g3 Be7 6. Bg2 0-0 7. 0-0 Qe8 8. Nd5 Bd8 9. Rb1 a5 10. b3 Nbd7 11. a3 Qh5 12. b4 axb4 13. axb4 Nxd5 14. cxd5 g5 15. Re1 f4 16. Nd2 Nf6 17. Nf1 Ra2 18. Bb2 fxg3 19. hxg3 Qf7 20. Qb3 Ra8 21. Ra1 Rxa1 22. Rxa1 c6 23. Ne3 Bb6 24. Rf1 Bxe3 25. fxe3 cxd5 26. b5 Qh5 27. Bxd5+ Kg7 28. Bf3 Qh3 29. Rf2 Qxg3+ 30. Rg2 Qe1+ 31. Kh2 Qh4+ 32. Kg1 Qe1+ 33. Kh2 Qh4+ 1/2-1/2

[Event "Cesenatico op 23rd"]
[Site "Cesenatico"]
[Date "2019.09.05"]
[Round "5"]
[White "Kacani, Kirk"]
[Black "Di Trapani, Davide"]
[Result "0-1"]
[WhiteElo "2091"]
[BlackElo "2181"]
[PlyCount "78"]
[EventDate "2019.09.01"]
[EventType "swiss"]
[EventRounds "9"]
[EventCountry "ITA"]
[SourceTitle "EXT 2020"]
[Source "ChessBase"]
[SourceDate "2019.10.17"]
[SourceVersion "1"]
[SourceVersionDate "2019.10.17"]
[SourceQuality "1"]

1. e4 c5 2. Nf3 d6 3. Bb5+ Nd7 4. c3 a6 5. Ba4 Ngf6 6. Bc2 g6 7. a4 Bg7 8. 0-0 0-0 9. d4 Qc7 10. Re1 e5 11. d5 Rb8 12. a5 b5 13. axb6 Nxb6 14. b3 Ne8 15. Nbd2 Bh6 16. Nf1 Bxc1 17. Qxc1 f5 18. Ng5 Ng7 19. Nd2 Qe7 20. Ne6 Nxe6 21. dxe6 f4 22. Bd3 Kh8 23. Bxa6 Bxe6 24. Bf1 g5 25. Ra3 Rf6 26. Qa1 Rh6 27. Ra7 Qe8 28. Qd1 g4 29. Be2 Qh5 30. Nf1 Rg8 31. Qxd6 Nc8 32. Qxc5 Nxa7 33. Qxa7 Bxb3 34. Bd1 Bxd1 35. Rxd1 g3 36. Rd5 gxh2+ 37. Kh1 Qg4 38. Ng3 fxg3 39. f3 Qxf3 0-1

[Event "Cesenatico op 23rd"]
[Site "Cesenatico"]
[Date "2019.09.01"]
[Round "1"]
[White "Djuric, Stefan"]
[Black "Kacani, Kirk"]
[Result "1-0"]
[WhiteElo "2358"]
[BlackElo "2091"]
[PlyCount "83"]
[EventDate "2019.09.01"]
[EventType "swiss"]
[EventRounds "9"]
[EventCountry "ITA"]
[SourceTitle "EXT 2020"]
[Source "ChessBase"]
[SourceDate "2019.10.17"]
[SourceVersion "1"]
[SourceVersionDate "2019.10.17"]
[SourceQuality "1"]

1. c4 Nf6 2. Nc3 e6 3. d4 Bb4 4. e3 d5 5. Bd3 0-0 6. Nge2 Nbd7 7. 0-0 dxc4 8. Bxc4 e5 9. Bxf7+ Rxf7 10. dxe5 Qe7 11. exf6 Nxf6 12. Nf4 c6 13. Bd2 Bf5 14. Nce2 Bxd2 15. Qxd2 g5 16. Ng3 Ne4 17. Nxe4 gxf4 18. Nd6 Rd8 19. Rad1 Qe6 20. e4 Bxe4 21. Rfe1 Rfd7 22. Qxf4 Rxd6 23. Rxd6 Rxd6 24. f3 Rd4 25. fxe4 Qd6 26. Qg4+ Qg6 27. Qc8+ Kg7 28. Rf1 Qd6 29. Qxb7+ Qd7 30. Qxd7+ Rxd7 31. Rc1 Kf6 32. Kf2 Rd2+ 33. Kf3 Rxb2 34. Rxc6+ Ke5 35. Rc5+ Ke6 36. Ra5 Rb7 37. g4 Rf7+ 38. Ke3 Rg7 39. g5 Rc7 40. h4 Rc3+ 41. Kd4 Rh3 42. Ra6+ 1-0

[Event "ITA-ch U16"]
[Site "Salsomaggiore Terme"]
[Date "2019.07.08"]
[Round "2"]
[White "David, Andrei"]
[Black "Kacani, Kirk"]
[Result "1/2-1/2"]
[WhiteElo "1198"]
[BlackElo "2103"]
[PlyCount "98"]
[EventDate "2019.07.07"]
[EventType "swiss"]
[EventRounds "9"]
[EventCountry "ITA"]
[SourceTitle "EXT 2020"]
[Source "ChessBase"]
[SourceDate "2019.10.17"]
[SourceVersion "1"]
[SourceVersionDate "2019.10.17"]
[SourceQuality "1"]

1. e4 c5 2. d3 Nc6 3. g3 g6 4. Bg2 Bg7 5. f4 d6 6. Nf3 e6 7. c3 Nge7 8. 0-0 0-0 9. Na3 b6 10. Be3 d5 11. e5 f6 12. exf6 Bxf6 13. Nc2 Bd7 14. Qd2 Rc8 15. Rfe1 Qc7 16. d4 Na5 17. Na3 Nf5 18. Ne5 Be8 19. Rac1 Be7 20. Nc2 Nc6 21. Bf2 Nxe5 22. Rxe5 Bf7 23. Rce1 Bf6 24. R5e2 Rfe8 25. g4 Nd6 26. g5 Bg7 27. h4 Nf5 28. Bh3 Qd6 29. Bxf5 gxf5 30. Bg3 Bh5 31. Rf2 Qc6 32. Re3 Qb5 33. Qe1 Kf7 34. Na3 Qa5 35. Rc2 cxd4 36. cxd4 Bxd4 37. Bf2 Bxe3 38. Qxe3 Rxc2 39. Nxc2 Qc5 40. Nd4 Qd6 41. Nb5 Qc6 42. Nd4 Qc7 43. Nb5 Qb8 44. Qd4 e5 45. Qxd5+ Kf8 46. Nd6 Rd8 47. fxe5 Qc7 48. Qe6 Qc1+ 49. Kg2 Qc6+ 1/2-1/2

[Event "Treviso Master op 3rd"]
[Site "Treviso"]
[Date "2019.03.31"]
[Round "4.8"]
[White "Kacani, Kirk"]
[Black "Loiacono, Antonio"]
[Result "0-1"]
[WhiteElo "1991"]
[BlackElo "2206"]
[PlyCount "120"]
[EventDate "2019.03.29"]
[EventType "swiss"]
[EventRounds "5"]
[EventCountry "ITA"]
[SourceTitle "EXT 2024"]
[Source "ChessBase"]
[SourceDate "2023.10.10"]
[SourceVersion "1"]
[SourceVersionDate "2023.10.10"]
[SourceQuality "1"]

1. c4 c6 2. Nf3 d5 3. b3 Nf6 4. Bb2 Bf5 5. e3 h6 6. d4 e6 7. Nc3 Nbd7 8. Bd3 Bxd3 9. Qxd3 Bb4 10. 0-0 0-0 11. a3 Bxc3 12. Bxc3 Ne4 13. Nd2 Nxd2 14. Bxd2 f5 15. b4 Kh8 16. a4 dxc4 17. Qxc4 e5 18. dxe5 Nxe5 19. Qe2 Qf6 20. Rac1 Rae8 21. Qh5 Kh7 22. Bc3 Qe6 23. Bxe5 Qxe5 24. Rfd1 Re7 25. g3 Qb2 26. Rb1 Qc3 27. Qe2 Rff7 28. Qd3 Qxd3 29. Rxd3 Re4 30. Rbb3 Rfe7 31. Kf1 Kg6 32. f3 R4e5 33. Rd6+ Kf7 34. Kf2 Ke8 35. Rbd3 a5 36. bxa5 Rxa5 37. R3d4 Rc5 38. Ke2 Rc1 39. Rd1 Rxd1 40. Rxd1 Re5 41. Rb1 Re7 42. Rb4 Kd8 43. Kd3 Kc7 44. e4 c5 45. Rc4 fxe4+ 46. fxe4 Kc6 47. Ke3 Rf7 48. Rc2 Rf1 49. Ra2 Re1+ 50. Kf4 c4 51. a5 Kc5 52. a6 bxa6 53. Rxa6 c3 54. Ra8 Kb4 55. Kf5 c2 56. Rb8+ Kc4 57. Rc8+ Kd3 58. Rd8+ Ke3 59. Rc8 c1Q 60. Rxc1 Rxc1 0-1

[Event "Cesenatico op 22nd"]
[Site "Cesenatico"]
[Date "2018.09.04"]
[Round "4"]
[White "Vuelban, Virgilio"]
[Black "Kacani, Kirk"]
[Result "1-0"]
[WhiteElo "2314"]
[BlackElo "1935"]
[PlyCount "47"]
[EventDate "2018.09.01"]
[EventType "swiss"]
[EventRounds "9"]
[EventCountry "ITA"]
[SourceTitle "CBM 186 Extra"]
[Source "ChessBase"]
[SourceDate "2018.08.24"]
[SourceVersion "1"]
[SourceVersionDate "2018.08.24"]
[SourceQuality "1"]

1. Nc3 c5 2. e3 Nf6 3. d4 e6 4. Nf3 d5 5. a3 cxd4 6. exd4 Nc6 7. Bd3 Be7 8. 0-0 0-0 9. Ne2 b6 10. b4 Ne8 11. Re1 Nd6 12. Nf4 Bb7 13. b5 Na5 14. Ne5 Ne4 15. Re3 g5 16. Qh5 gxf4 17. Bxe4 f5 18. Rh3 Bh4 19. Rxh4 Qe7 20. Bxf4 dxe4 21. Rh3 Rf7 22. Nxf7 Qxf7 23. Rg3+ Kf8 24. Bd6+ 1-0